| 000 | 00627cam a2200217 a 4500 | ||
|---|---|---|---|
| 001 | 000009819 | ||
| 005 | 20200929161722.0 | ||
| 008 | 840723s1983 sp 001 p spa | ||
| 020 | _a8437603846 | ||
| 040 |
_aDO-SdBNP _cDLC _dDLC |
||
| 082 |
_a861.64 _bH557p |
||
| 100 | 1 |
_aHernández, Mario, _d1945- _921656 |
|
| 245 | 1 | 0 |
_aPara bien morir / _cMario Hernández. |
| 260 |
_aMadrid : _bCátedra, _c1983. |
||
| 300 |
_a148 p. ; _c21 cm. |
||
| 490 | 1 | _aPoesía/Cátedra | |
| 650 | 4 |
_aPoesía española _9631 |
|
| 650 | 4 |
_aLiteratura española _9632 |
|
| 830 | 0 |
_aPoesía/Cátedra. _924725 |
|
| 910 | _aCatalogación por copia / LC | ||
| 999 |
_c9578 _d9578 |
||